000 00765nas a2200253 4500
001 BR0801080
003 BR-BrBNA
005 20231205111631.0
007 ta
008 230509b bl.|||p| |||| 00| 00por d
040 _aBR-BrBNA
_bpor
_cBiblioteca Nacional de Agricultura
041 _a(Pt)
072 _aL53
100 1 _aPinheiro, M.A.A.
100 1 _aHattori, G.Y.
245 1 _aEmbriologia do siri Arenaeus cribrarius (Lamarck)(Crustacea, Brachyura, Portunidae)
650 _aCRUSTÁCEO
650 _aSIRI
650 _aEMBRIÃO
650 _aREPRODUÇÃO ANIMAL
773 0 _tRevista Brasileira de Zoologia (Brazil)
_xISSN 0101-8175
_g(Jun 2002), v. 19(2) p. 571-583
_wBR0801080
909 _a202311
_bLúcia
_c55
_dLúcia Elande
942 _2AGRIS
_n0
_cANA
999 _c193660
_d193660